00465nam a22001457a 450000500170000000800410001702000180005804000100007608200240008610000190011024500800012926000430020930000300025265000370028220251218170640.0251218b |||||||| |||| 00| 0 eng d a9788172868635 cVITAP 223rd Ed.a509.2 CHA aChandrahas, K. aThe People's Scientist b: A Biography of Dr. Y. Nayudammac/ K. Chandrahas aBengalurubPrism Books Pvt. Ltd.c2015 axiii, 168p. : ill. ; 22cm 0aScientists; India; Nayudamma, Y